00579nam a2200181Ia 4500008004100000020001500041041001200056082001100068100001500079245004300094260003200137300000900169650001900178700002100197942000700218999001500225952015700240221030s9999 xx 000 0 und d a8170083656 aEnglish a105.23 aN. P. Bali 2aA Text Book of Engineering Mathematics bLaxmi Pub.aNew Delhic2006 a1425 aBB Mathematics aN. C. N. Iyengar cBK c4266d4266 pBB 483g525.00l0o105.23 r2022-10-30 00:00:00w2022-10-30yBK003Print4070aMIETLIBbMIETLIBcBL-Second, FL-1, CUP-47, SH-2, R-2d2007-05-0910HBB